000 00615nam a2200229Ia 4500
003 GCL
008 140319s9999 xx 000 0 ara d
040 _aGCL /
_cGCL
082 0 4 _aق
_b962.39
_bف ر
100 1 _aفتحى رزق
245 1 0 _aرباعية سيناء /
_cفتحى رزق
300 _a488 ص
490 _a
650 0 4 _aالتاريخ الاسلامى
650 0 4 _aالاثار الاسلامية
650 0 4 _aالاثار الفرعونية
650 0 4 _aالبدو
650 0 4 _aسيناء
650 0 4 _aالاثار المسيحية
650 0 4 _aالعريش
942 _2ddc
_cBK
999 _c39250
_d39250